Dernières paroles avant de mourir dans les films - Statistiques

Statistiques générales
  • Ce quiz a été pris 5 182 fois
  • Le résultat moyen est 8 sur 19
Statistiques - réponses
Hint Réponse % Correct
N'abandonne jamais (Leonardo DiCaprio) Titanic
87%
Mon précieux! (Andy Serkis) Le Seigneur des anneaux
83%
J'ai tué Rogue (Ralph Fiennes) Harry Potter
79%
Mon précieux! (Andy Serkis) Gollum
71%
N'abandonne jamais (Leonardo DiCaprio) Jack Dawson
67%
Ca c'est de la part de Ma...Mathilda (Jean Reno) Léon
67%
J'ai tué Rogue (Ralph Fiennes) Lord Voldemort
63%
Lucius est sauvé. (Russell Crowe) Gladiator
62%
Libertéééééé (Mel Gibson) Braveheart
50%
Lucius est sauvé (Russell Crowe) Maximus
39%
Elle m'a suppliée de la laisser vivre, pour elle, et pour le bébé qu'elle portait... Oh, il l'ignorait (Kevin Spacey) Seven
32%
Quelqu'un a du feu? Non? Moi j'ai apporté du feu... Je vous salue Marie, pleine de grâce... (Clint Eastwood) Gran Torino
27%
Je vais ouvrir la fenêtre, j'ai chaud. (Marina Foïs) Polisse
25%
Libertéééééé (Mel Gibson) William Wallace
22%
Tu avais raison à mon sujet. Dis à ta soeur que tu avais raison. (Plusieurs acteurs) Star Wars
17%
Tu avais raison à mon sujet. Dis à ta soeur que tu avais raison. (Plusieurs acteurs) Darth Vador
15%
Elle m'a suppliée de la laisser vivre, pour elle, et pour le bébé qu'elle portait... Oh, il l'ignorait (Kevin Spacey) John Doe
10%
Je vais ouvrir la fenêtre, j'ai chaud. (Marina Foïs) Iris
3%
Quelqu'un a du feu? Non? Moi j'ai apporté du feu... Je vous salue Marie, pleine de grâce... (Clint Eastwood) Walt Kowalski
3%
Aucun quiz correspondant
Distribution des résultats
% des personnes avec chaque résultat
Percentile par nombre de réponses
Votre historique - résultats
Vous n’avez pas pris ce quiz